Obras rimadas de Ramón Lull / (Record no. 162934)
[ view plain ]
| 000 -LEADER | |
|---|---|
| campo de control de longitud fija | 00994nam a2200229 i 4500 |
| 001 - NÚMERO DE CONTROL | |
| campo de control | 162934 |
| 003 - IDENTIFICADOR DE NÚMERO DE CONTROL | |
| campo de control | ES-MaACL |
| 005 - FECHA Y HORA DE LA ÚLTIMA TRANSACCIÓN | |
| campo de control | 20251219203804.0 |
| 008 - DATOS DE LONGITUD FIJA--INFORMACIÓN GENERAL | |
| campo de control de longitud fija | 940615s1859 sp |||| | spa d |
| 100 0# - ENTRADA PRINCIPAL--NOMBRE DE PERSONA | |
| Nombre de persona | Ramón Llull, |
| Títulos y otros términos asociados al nombre | Beato, |
| Fechas asociadas al nombre | ca. 1232-1316? |
| 9 (RLIN) | 95219 |
| 245 10 - MENCIÓN DEL TÍTULO | |
| Título | Obras rimadas de Ramón Lull / |
| Mención de responsabilidad, etc. | escritas en idioma catalán-provenzal, publicadas por primera vez con un artículo biográfico, ilustraciones y variantes, y seguidas de un glosario de voces anticuadas por Gerónimo Rosselló. |
| 250 ## - MENCION DE EDICION | |
| Mención de edición | 1ª ed. |
| 260 ## - PUBLICACIÓN, DISTRIBUCIÓN, ETC. | |
| Lugar de publicación, distribución, etc. | Palma : |
| Nombre del editor, distribuidor, etc. | [s.n.], |
| Fecha de publicación, distribución, etc. | 1859 ( |
| Fabricante | Imp. Pedro José Gelabert) |
| 300 ## - DESCRIPCIÓN FÍSICA | |
| Extensión | 771 p. ; |
| Dimensiones | 24 cm. |
| 530 ## - NOTA DISPONIBLE DE FORMULARIO FÍSICO ADICIONAL | |
| Nota de formato físico adicional disponible | Disponible en formato digital. |
| 546 ## - NOTA DE IDIOMA | |
| Nota de lengua/lenguaje | Texto en catalán y español. |
| 700 1# - ENTRADA AGREGADA--NOMBRE PERSONAL | |
| Nombre de persona | Rosselló, Geróni, |
| Fechas asociadas al nombre | 1827-1902 |
| 9 (RLIN) | 99842 |
| 752 ## - ENTRADA AGREGADA--NOMBRE JERÁRQUICO DEL LUGAR | |
| País o entidad superior | España - |
| Ciudad | Palma de Mallorca |
| 852 ## - LOCALIZACIÓN | |
| Ubicación | ES-MaACL |
| Número de control de estantería | G-8864 |
| Nota libre | - Enc. hol. |
| 856 ## - LOCALIZACIÓN Y ACCESO ELECTRÓNICOS | |
| Identificador Uniforme de Recursos | <a href="http://bdh-rd.bne.es/viewer.vm?id=0000231766&page=1 ">http://bdh-rd.bne.es/viewer.vm?id=0000231766&page=1 </a> |
| Nota pública | Biblioteca Digital Hispánica |
| Estatus retirado | Estado de pérdida | Estado de daño | No para préstamo | Colección | Biblioteca de origen | Biblioteca actual | Ubicación en estantería | Fecha de adquisición | Fuente de adquisición | Total de préstamos | Signatura topográfica completa | Código de barras | Visto por última vez | Precio de reemplazo | Tipo de ítem Koha |
|---|---|---|---|---|---|---|---|---|---|---|---|---|---|---|---|
| Colección digital | Biblioteca del Ateneo de Madrid | Biblioteca del Ateneo de Madrid | Sala Pecera Planta 3 | 17/01/2008 | G-8864 | 1170714 | 23/02/2023 | 23/02/2023 | Libro impreso antiguo |
